|
|
|
|
| LEADER |
01136aam a22002298a 4500 |
| 001 |
00028311 |
| 005 |
20171026081023.0 |
| 008 |
120327s2000 ||||||viesd |
| 041 |
0 |
# |
|a vie
|
| 082 |
1 |
4 |
|a 649
|b CH114S
|
| 100 |
1 |
# |
|a Della-Courtiade, Claude
|
| 245 |
1 |
0 |
|a Chăm sóc trẻ khuyết tật tại nhà
|c Claude Della-Courtiade; Nguyễn Ngọc Lâm dịch
|b Từ lức sinh đến lúc đến trường : Hướng dẫn dành cho các phụ huynh
|
| 260 |
# |
# |
|a TP. Hồ Chí Minh
|b Đại học mở Bán công TP. Hồ Chí Minh
|c 2000
|
| 300 |
# |
# |
|a 188tr.
|b minh họa
|c 20cm.
|
| 500 |
# |
# |
|a ĐTTS ghi: Bộ Giáo dục và Đào tạo. Đại học mở bán công Tp. Hồ Chí Minh. Khoa phụ nữ học
|
| 650 |
# |
4 |
|a Trẻ em khuyết tật
|x Chăm sóc
|
| 653 |
# |
# |
|a Công tác xã hội
|
| 852 |
# |
# |
|b Kho mượn
|j KM.0013807, KM.0020461, KM.0020485
|
| 852 |
# |
# |
|b Kho đọc
|j KD.0012660
|
| 852 |
# |
# |
|j KD.0012660
|j KM.0020485
|j KM.0020461
|j KM.0013807
|
| 910 |
|
|
|d 27/03/2012
|
| 980 |
# |
# |
|a Trung tâm Học liệu Lê Vũ Hùng, Trường Đại học Đồng Tháp
|